[Event "Titled Tuesday intern op 30th May Early"]
[Site "Chess.com INT"]
[Date "2023.05.30"]
[Round "1"]
[White "Lehtosaari, Mauri"]
[Black "Lonoff, Marc J"]
[Result "1-0"]
[WhiteElo "2176"]
[BlackElo "2122"]
[PlyCount "73"]
[EventDate "2023.05.30"]
[EventType "swiss (blitz)"]
[EventRounds "11"]
[EventCountry "USA"]
[SourceTitle "CBM 214 Extra"]
[Source "ChessBase"]
[SourceDate "2023.07.31"]
[SourceVersion "1"]
[SourceVersionDate "2023.07.31"]
[SourceQuality "1"]

1. d4 e6 2. Nf3 f5 3. Bf4 Nf6 4. e3 Be7 5. Be2 Nh5 6. 0-0 Nxf4 7. exf4 Bf6 8. c3 0-0 9. g3 b6 10. Nbd2 Ba6 11. Bxa6 Nxa6 12. Re1 Kh8 13. Ne5 c5 14. Qh5 Bxe5 15. dxe5 Nc7 16. Nc4 Qe8 17. Qxe8 Rfxe8 18. Rad1 Re7 19. Rd2 b5 20. Na5 c4 21. Nb7 Nd5 22. Nd6 h6 23. Nxf5 Rf7 24. Nd6 Re7 25. Nxb5 g5 26. Rd4 gxf4 27. Rxc4 Rg7 28. Rce4 h5 29. c4 fxg3 30. cxd5 gxf2+ 31. Kxf2 Rf8+ 32. Ke3 Rg2 33. Re2 Rg1 34. dxe6 dxe6 35. Rf4 Rb8 36. Nd6 Rb5 37. Kf2 1-0

[Event "Titled Tuesday intern op 30th May Early"]
[Site "Chess.com INT"]
[Date "2023.05.30"]
[Round "7"]
[White "Lonoff, Marc J"]
[Black "Kuznetsov, Mikhail V"]
[Result "0-1"]
[WhiteElo "2122"]
[BlackElo "2246"]
[PlyCount "114"]
[EventDate "2023.05.30"]
[EventType "swiss (blitz)"]
[EventRounds "11"]
[EventCountry "USA"]
[SourceTitle "CBM 214 Extra"]
[Source "ChessBase"]
[SourceDate "2023.07.31"]
[SourceVersion "1"]
[SourceVersionDate "2023.07.31"]
[SourceQuality "1"]

1. c4 Nf6 2. Nc3 d5 3. cxd5 Nxd5 4. g3 g6 5. Bg2 Nb6 6. e3 Bg7 7. Nge2 0-0 8. 0-0 c5 9. d4 cxd4 10. Nxd4 e6 11. Ndb5 Na6 12. Nd6 Qe7 13. Ncb5 Rd8 14. Nxc8 Raxc8 15. Qe2 Nb4 16. Nd4 e5 17. Nb3 Rc2 18. Qb5 Nd3 19. Be4 Qd7 20. Qxd7 Rxd7 21. Rd1 Nxc1 22. Bxc2 Rxd1+ 23. Bxd1 Nd3 24. Be2 Nxb2 25. Rb1 N2a4 26. Rc1 e4 27. Nd4 Be5 28. Bb5 Nb2 29. Kg2 a6 30. Be2 Kg7 31. Rb1 N6a4 32. Bd1 Nxd1 33. Rxd1 Nc3 34. Rd2 b5 35. Rc2 b4 36. Nc6 Bd6 37. Na5 Bc7 38. Nb3 a5 39. a3 Bb6 40. axb4 axb4 41. Nd4 Bc5 42. Rb2 Kf6 43. Nc2 Nd5 44. Nd4 Ke5 45. Nc6+ Kd6 46. Nd8 f5 47. Kf1 Ke7 48. Nb7 Bb6 49. Rd2 Ke6 50. Ke2 Nc3+ 51. Ke1 Nd5 52. Rb2 Kd7 53. Rd2 Kc6 54. Kd1 Nc3+ 55. Kc2 Kxb7 56. Kb3 Kc6 57. Kxb4 Nd5+ 0-1

[Event "Titled Tuesday intern op 23rd May Late"]
[Site "Chess.com INT"]
[Date "2023.05.23"]
[Round "5"]
[White "Lonoff, Marc J"]
[Black "Prieto Aranguren, Alain"]
[Result "0-1"]
[WhiteElo "2122"]
[BlackElo "2258"]
[PlyCount "108"]
[EventDate "2023.05.23"]
[EventType "swiss (blitz)"]
[EventRounds "11"]
[EventCountry "USA"]
[SourceTitle "EXT 2024"]
[Source "ChessBase"]
[SourceDate "2023.10.10"]
[SourceVersion "1"]
[SourceVersionDate "2023.10.10"]
[SourceQuality "1"]

1. c4 Nf6 2. Nc3 g6 3. g3 Bg7 4. Bg2 0-0 5. e4 d6 6. Nge2 Nc6 7. 0-0 Na5 8. d3 c6 9. b4 Nxe4 10. Bxe4 d5 11. Bg2 dxc4 12. bxa5 cxd3 13. Bb2 dxe2 14. Qxe2 Qxa5 15. Rac1 Be6 16. a3 Rad8 17. Rfd1 Rxd1+ 18. Qxd1 Rd8 19. Qe2 Bd4 20. h4 Qe5 21. Qxe5 Bxe5 22. Rd1 Rb8 23. Bf3 Kf8 24. h5 Ke8 25. hxg6 hxg6 26. Kg2 a5 27. Rd2 Bd7 28. Na4 Bxb2 29. Rxb2 b5 30. Nc5 b4 31. axb4 axb4 32. Rd2 b3 33. Nxd7 b2 34. Bxc6 b1Q 35. Nxb8+ Kf8 36. Nd7+ Kg7 37. Bf3 Qb4 38. Re2 f6 39. Re3 Qd6 40. Bg4 f5 41. Ne5 fxg4 42. Nxg4 Qc6+ 43. Kg1 Qc5 44. Nh2 Kf7 45. Nf1 Qc1 46. Rf3+ Kg7 47. Re3 Kf8 48. Kg2 Kf7 49. Rf3+ Ke8 50. Re3 Kd7 51. g4 e6 52. Ng3 Ke7 53. Nf1 Kf6 54. Ng3 e5 0-1

[Event "Titled Tuesday intern op 14th Jun Late"]
[Site "Chess.com INT"]
[Date "2022.06.14"]
[Round "9"]
[White "Bayo Milagro, Alvaro"]
[Black "Lonoff, Marc J"]
[Result "1-0"]
[WhiteElo "2285"]
[BlackElo "2122"]
[PlyCount "45"]
[EventDate "2022.06.14"]
[EventType "swiss (blitz)"]
[EventRounds "11"]
[EventCountry "USA"]
[SourceTitle "EXT 2023"]
[Source "ChessBase"]
[SourceDate "2022.10.05"]
[SourceVersion "1"]
[SourceVersionDate "2022.10.05"]
[SourceQuality "1"]

1. d4 e6 2. c4 Bb4+ 3. Bd2 Qe7 4. g3 Nc6 5. e3 Bxd2+ 6. Qxd2 d6 7. Bg2 Nf6 8. Ne2 e5 9. 0-0 0-0 10. Nbc3 Bg4 11. Nd5 Qd8 12. Nec3 Re8 13. h3 Bd7 14. dxe5 dxe5 15. Nxf6+ gxf6 16. Rad1 Be6 17. Qe2 Qe7 18. Qh5 Rad8 19. Be4 f5 20. Bxf5 Qf6 21. Qxh7+ Kf8 22. Bxe6 Rxe6 23. Nd5 1-0

[Event "Titled Tuesday intern op 14th Jun Late"]
[Site "Chess.com INT"]
[Date "2022.06.14"]
[Round "7"]
[White "Lonoff, Marc J"]
[Black "Rychkov, Roman"]
[Result "1-0"]
[WhiteElo "2122"]
[BlackElo "1893"]
[PlyCount "101"]
[EventDate "2022.06.14"]
[EventType "swiss (blitz)"]
[EventRounds "11"]
[EventCountry "USA"]
[SourceTitle "EXT 2023"]
[Source "ChessBase"]
[SourceDate "2022.10.05"]
[SourceVersion "1"]
[SourceVersionDate "2022.10.05"]
[SourceQuality "1"]

1. c4 e5 2. Nc3 Nf6 3. g3 g6 4. Bg2 Bg7 5. e4 0-0 6. Nge2 d6 7. 0-0 Be6 8. d3 Qd7 9. f4 Bh3 10. f5 Bxg2 11. Kxg2 c6 12. h3 d5 13. cxd5 cxd5 14. Bg5 Qc6 15. Bxf6 dxe4 16. dxe4 Qxf6 17. Nd5 Qd6 18. f6 Rd8 19. fxg7 Kxg7 20. Nec3 Nc6 21. Qf3 Rd7 22. Qf6+ Qxf6 23. Rxf6 Rad8 24. Raf1 Nd4 25. h4 Nc2 26. h5 b5 27. a3 a5 28. R6f2 Nd4 29. hxg6 hxg6 30. Ne2 Nc2 31. Nec3 Nd4 32. Rd2 b4 33. axb4 axb4 34. Nxb4 Rb8 35. Nbd5 Rb3 36. Rdf2 Ne6 37. Ne3 Ng5 38. Ng4 Rdb7 39. Nxe5 Rxb2 40. Rxb2 Rxb2+ 41. Rf2 Rb3 42. Nd5 Nxe4 43. Rxf7+ Kh6 44. Ng4+ Kg5 45. Nf2 Rxg3+ 46. Kf1 Nd2+ 47. Ke2 Rg2 48. Kxd2 Kh4 49. Ke2 g5 50. Rh7+ Kg3 51. Rh3# 1-0

[Event "Titled Tuesday intern op 14th Jun Late"]
[Site "Chess.com INT"]
[Date "2022.06.14"]
[Round "4"]
[White "Voege, Tobias"]
[Black "Lonoff, Marc J"]
[Result "1-0"]
[WhiteElo "2304"]
[BlackElo "2122"]
[PlyCount "55"]
[EventDate "2022.06.14"]
[EventType "swiss (blitz)"]
[EventRounds "11"]
[EventCountry "USA"]
[SourceTitle "EXT 2023"]
[Source "ChessBase"]
[SourceDate "2022.10.05"]
[SourceVersion "1"]
[SourceVersionDate "2022.10.05"]
[SourceQuality "1"]

1. e4 e6 2. d4 d5 3. e5 c5 4. c3 Nc6 5. Nf3 Bd7 6. Bd3 cxd4 7. cxd4 Qb6 8. 0-0 Nxd4 9. Nxd4 Qxd4 10. Nc3 a6 11. Re1 Ne7 12. Be3 Qxe5 13. Na4 Nc6 14. Nb6 Rd8 15. Bc5 Qg5 16. Bxf8 Kxf8 17. Re3 h5 18. Rg3 Qf6 19. Rf3 Qg5 20. Qc2 h4 21. Bg6 f5 22. Qc5+ Kg8 23. Bxf5 exf5 24. Qxd5+ Kh7 25. Nxd7 Nb8 26. Rxf5 Rxd7 27. Rxg5 Rxd5 28. Rxd5 1-0

[Event "Titled Tuesday intern op 22nd Feb Early"]
[Site "Chess.com INT"]
[Date "2022.02.22"]
[Round "7"]
[White "Lonoff, Marc J"]
[Black "Hoffmann, Asa"]
[Result "0-1"]
[WhiteElo "2122"]
[BlackElo "2185"]
[PlyCount "44"]
[EventDate "2022.02.22"]
[EventType "swiss (blitz)"]
[EventRounds "11"]
[EventCountry "USA"]
[SourceTitle "CBM 207 Extra"]
[Source "ChessBase"]
[SourceDate "2022.05.31"]
[SourceVersion "1"]
[SourceVersionDate "2022.05.31"]
[SourceQuality "1"]

1. c4 Nf6 2. Nc3 d6 3. g3 c6 4. Bg2 e5 5. e4 Be6 6. d3 d5 7. Qb3 Nbd7 8. Qxb7 Nc5 9. Qxc6+ Bd7 10. Qxa8 Qxa8 11. Nxd5 Nxd5 12. exd5 Nxd3+ 13. Ke2 Nxc1+ 14. Rxc1 Qb8 15. b3 Bc5 16. Nf3 e4 17. Nd2 f5 18. Rhe1 0-0 19. f4 Qb6 20. Rf1 a5 21. Rb1 Bb4 22. Rfd1 Be8 0-1

[Event "Titled Tuesday intern op 22nd Feb Early"]
[Site "Chess.com INT"]
[Date "2022.02.22"]
[Round "10"]
[White "Lonoff, Marc J"]
[Black "Singh, Ojasva"]
[Result "1-0"]
[WhiteElo "2122"]
[BlackElo "2141"]
[PlyCount "57"]
[EventDate "2022.02.22"]
[EventType "swiss (blitz)"]
[EventRounds "11"]
[EventCountry "USA"]
[SourceTitle "CBM 207 Extra"]
[Source "ChessBase"]
[SourceDate "2022.05.31"]
[SourceVersion "1"]
[SourceVersionDate "2022.05.31"]
[SourceQuality "1"]

1. c4 e5 2. Nc3 Nc6 3. g3 g6 4. Bg2 Bg7 5. e4 Nge7 6. Nge2 0-0 7. d3 d6 8. 0-0 Nd4 9. Nxd4 exd4 10. Ne2 a6 11. Rb1 Rb8 12. b4 b5 13. cxb5 axb5 14. Bb2 c5 15. Rc1 Ra8 16. a3 cxb4 17. axb4 Qb6 18. e5 Bb7 19. Bxd4 Qa6 20. Ra1 Bxg2 21. Rxa6 Bxf1 22. Rxa8 Rxa8 23. Kxf1 dxe5 24. Bc5 Nc6 25. Kg2 h5 26. Qb3 Ra1 27. Qd5 Ra6 28. Qd7 f5 29. Qc8+ 1-0

[Event "Titled Tuesday intern op 22nd Feb Early"]
[Site "Chess.com INT"]
[Date "2022.02.22"]
[Round "4"]
[White "Necula, Iulian"]
[Black "Lonoff, Marc J"]
[Result "0-1"]
[WhiteElo "1890"]
[BlackElo "2122"]
[PlyCount "90"]
[EventDate "2022.02.22"]
[EventType "swiss (blitz)"]
[EventRounds "11"]
[EventCountry "USA"]
[SourceTitle "CBM 207 Extra"]
[Source "ChessBase"]
[SourceDate "2022.05.31"]
[SourceVersion "1"]
[SourceVersionDate "2022.05.31"]
[SourceQuality "1"]

1. b4 e5 2. Bb2 d6 3. Nf3 f5 4. e3 Nf6 5. c4 Be7 6. d4 e4 7. Nfd2 0-0 8. Be2 c6 9. 0-0 d5 10. f3 Bxb4 11. fxe4 fxe4 12. cxd5 cxd5 13. Qb3 Nc6 14. a3 Bd6 15. Nc3 Qb6 16. Qxb6 axb6 17. Nb5 Bb8 18. h3 Be6 19. Rac1 Ne8 20. Rxf8+ Kxf8 21. Rf1+ Nf6 22. Bd1 Kg8 23. Bb3 Na5 24. Ba2 Nc4 25. Nxc4 dxc4 26. Bb1 Ra5 27. Nc3 Bd6 28. Bxe4 Bxa3 29. Rb1 Bxb2 30. Rxb2 Ra3 31. Rxb6 Rxc3 32. Rxe6 b5 33. Bc6 b4 34. d5 b3 35. Ba4 b2 36. Rb6 Rc1+ 37. Kh2 b1Q 38. Rxb1 Rxb1 39. d6 Rb4 40. Bc6 c3 41. d7 Nxd7 42. Bxd7 c2 43. Be6+ Kf8 44. Bf5 c1Q 45. Bxh7 Qxe3 0-1

[Event "Titled Tuesday intern op 15th June"]
[Site "Chess.com INT"]
[Date "2021.06.15"]
[Round "3"]
[White "Jain, Naveen"]
[Black "Lonoff, Marc J"]
[Result "1-0"]
[WhiteElo "2032"]
[BlackElo "2122"]
[PlyCount "73"]
[EventDate "2021.06.15"]
[EventType "swiss (blitz)"]
[EventRounds "11"]
[EventCountry "USA"]
[SourceTitle "CBM 203 Extra"]
[Source "ChessBase"]
[SourceDate "2021.09.30"]
[SourceVersion "1"]
[SourceVersionDate "2021.09.30"]
[SourceQuality "1"]

1. c4 b6 2. g3 Bb7 3. Nf3 Bxf3 4. exf3 c5 5. d4 cxd4 6. Qxd4 Nc6 7. Qd2 g6 8. Bg2 Bg7 9. 0-0 Nf6 10. Nc3 0-0 11. b3 d5 12. f4 Ne4 13. Nxe4 dxe4 14. Rb1 f5 15. Rd1 Qxd2 16. Bxd2 Rad8 17. Be3 Nb4 18. f3 Rd3 19. Kf2 Rfd8 20. Rxd3 exd3 21. Bd2 Bd4+ 22. Ke1 Nc2+ 23. Kd1 Bg1 24. h3 Bf2 25. g4 Be3 26. Bf1 Bxd2 27. Kxd2 Nd4 28. Bxd3 Nxf3+ 29. Ke3 Nh4 30. gxf5 Ng2+ 31. Kf2 Nxf4 32. Be4 g5 33. h4 h6 34. hxg5 hxg5 35. Kf3 Rd2 36. Rg1 Kf7 37. Rxg5 1-0

[Event "Titled Tuesday intern op 15th June"]
[Site "Chess.com INT"]
[Date "2021.06.15"]
[Round "9"]
[White "Rusan, Paul Cristian"]
[Black "Lonoff, Marc J"]
[Result "1-0"]
[WhiteElo "2106"]
[BlackElo "2122"]
[PlyCount "107"]
[EventDate "2021.06.15"]
[EventType "swiss (blitz)"]
[EventRounds "11"]
[EventCountry "USA"]
[SourceTitle "CBM 203 Extra"]
[Source "ChessBase"]
[SourceDate "2021.09.30"]
[SourceVersion "1"]
[SourceVersionDate "2021.09.30"]
[SourceQuality "1"]

1. e4 e6 2. Nf3 d5 3. e5 c5 4. b4 c4 5. c3 a5 6. b5 Nd7 7. d3 cxd3 8. Bxd3 Bc5 9. a4 Qb6 10. 0-0 Ne7 11. Bf4 Ng6 12. Bg3 Qc7 13. Qe2 b6 14. h4 f5 15. exf6 Qxg3 16. Qxe6+ Kf8 17. Qxd5 Qxg2+ 18. Kxg2 Nf4+ 19. Kh1 Nxd5 20. fxg7+ Kxg7 21. Be4 N7f6 22. Rg1+ Kf7 23. Ng5+ Ke7 24. Nd2 Nxe4 25. Ndxe4 Bb7 26. Kh2 h6 27. Nxc5 bxc5 28. Ne4 Rhg8 29. Nxc5 Rxg1 30. Rxg1 Bc8 31. Rg7+ Kf6 32. Rg8 Nb6 33. Kg3 Bf5 34. Rxa8 Nxa8 35. Nb7 Nb6 36. Nxa5 Nxa4 37. c4 Bd3 38. Kf4 Nb6 39. c5 Nd5+ 40. Kf3 Bxb5 41. Ke4 Ne7 42. f4 Nc6 43. Nb3 Bf1 44. Nd2 Bg2+ 45. Ke3 Kf5 46. Nc4 Kg4 47. Ne5+ Kxh4 48. Nxc6 Bxc6 49. Kd4 Kg4 50. Ke5 h5 51. f5 h4 52. f6 Be8 53. c6 h3 54. c7 1-0

[Event "Titled Tuesday intern op 08th June"]
[Site "Chess.com INT"]
[Date "2021.06.08"]
[Round "5"]
[White "Lonoff, Marc J"]
[Black "Baradaran, Arman"]
[Result "0-1"]
[WhiteElo "2122"]
[BlackElo "1990"]
[PlyCount "100"]
[EventDate "2021.06.08"]
[EventType "swiss (blitz)"]
[EventRounds "11"]
[EventCountry "USA"]
[SourceTitle "CBM 202 Extra"]
[Source "ChessBase"]
[SourceDate "2021.07.31"]
[SourceVersion "1"]
[SourceVersionDate "2021.07.31"]
[SourceQuality "1"]

1. c4 Nf6 2. Nc3 c6 3. e4 d5 4. cxd5 cxd5 5. e5 d4 6. exf6 dxc3 7. fxg7 cxd2+ 8. Qxd2 Qxd2+ 9. Bxd2 Bxg7 10. 0-0-0 Bf5 11. Ne2 Nc6 12. Bc3 Bh6+ 13. Bd2 Bg7 14. Bc3 e5 15. b3 Ke7 16. Kb2 Rhd8 17. Rxd8 Rxd8 18. Ng3 Bg6 19. Bc4 f5 20. Re1 a6 21. a4 Bf6 22. f4 e4 23. Bxf6+ Kxf6 24. h4 Rd2+ 25. Ka3 Rxg2 26. Ne2 a5 27. Kb2 Bh5 28. Kc3 Bxe2 29. Rxe2 Rg3+ 30. Kb2 Rf3 31. Rd2 Rxf4 32. Rd6+ Ke7 33. Rh6 Rf2+ 34. Kc3 Nb4 35. Rxh7+ Kd6 36. Kd4 Rd2+ 37. Ke3 Rh2 38. Kf4 Rf2+ 39. Ke3 Rf3+ 40. Ke2 Ke5 41. Rxb7 Rh3 42. Rh7 Rh2+ 43. Ke1 f4 44. Re7+ Kd4 45. Rd7+ Ke3 46. h5 Rh1+ 47. Bf1 Nd3+ 48. Rxd3+ exd3 49. h6 d2+ 50. Kd1 Rxf1+ 0-1

[Event "Titled Tuesday intern op 08th June"]
[Site "Chess.com INT"]
[Date "2021.06.08"]
[Round "11"]
[White "Lonoff, Marc J"]
[Black "Golizadeh, Asghar"]
[Result "1-0"]
[WhiteElo "2122"]
[BlackElo "2455"]
[PlyCount "121"]
[EventDate "2021.06.08"]
[EventType "swiss (blitz)"]
[EventRounds "11"]
[EventCountry "USA"]
[SourceTitle "CBM 202 Extra"]
[Source "ChessBase"]
[SourceDate "2021.07.31"]
[SourceVersion "1"]
[SourceVersionDate "2021.07.31"]
[SourceQuality "1"]

1. c4 Nf6 2. Nc3 g6 3. g3 Bg7 4. Bg2 0-0 5. e4 d6 6. Nge2 e5 7. 0-0 Nc6 8. d3 Bg4 9. f3 Be6 10. Nd5 Bxd5 11. cxd5 Ne7 12. Bg5 Nd7 13. Rc1 Rc8 14. g4 h6 15. Be3 f5 16. gxf5 gxf5 17. Qd2 f4 18. Bf2 b6 19. Kh1 Kh7 20. Bh3 a5 21. Rg1 Rg8 22. Be6 Nf6 23. Bxc8 Qxc8 24. d4 Qh3 25. Rc3 Nh5 26. dxe5 Bxe5 27. Rxg8 Bxc3 28. Qxc3 Kxg8 29. Ng1 Qd7 30. Bh4 Ng6 31. Bf6 Kf7 32. Bd4 Qe7 33. Qe1 Qh4 34. Qxh4 Nxh4 35. Bf2 Ng6 36. Ne2 Ne5 37. Kg2 Nf6 38. Bd4 Nh5 39. Kf2 Kf6 40. Bc3 Kg5 41. Nd4 Kh4 42. Nf5+ Kg5 43. h4+ Kf6 44. Nxh6 Kg6 45. Ng4 Nd3+ 46. Ke2 Nc1+ 47. Kd2 Nxa2 48. Nf2 Ng3 49. Nd3 Nf1+ 50. Ke2 Nh2 51. Nxf4+ Kf7 52. Ne6 a4 53. h5 a3 54. Kd3 Nxf3 55. h6 Ng5 56. Nxg5+ Kg8 57. h7+ Kf8 58. h8Q+ Ke7 59. Qg7+ Kd8 60. Ne6+ Kc8 61. Qxc7# 1-0

[Event "Titled Tuesday intern op 08th June"]
[Site "Chess.com INT"]
[Date "2021.06.08"]
[Round "9"]
[White "Lonoff, Marc J"]
[Black "Legenia, Artem"]
[Result "0-1"]
[WhiteElo "2122"]
[BlackElo "2144"]
[PlyCount "62"]
[EventDate "2021.06.08"]
[EventType "swiss (blitz)"]
[EventRounds "11"]
[EventCountry "USA"]
[SourceTitle "CBM 202 Extra"]
[Source "ChessBase"]
[SourceDate "2021.07.31"]
[SourceVersion "1"]
[SourceVersionDate "2021.07.31"]
[SourceQuality "1"]

1. c4 c6 2. e4 e5 3. Nc3 Bc5 4. Nf3 d6 5. d4 exd4 6. Nxd4 Nf6 7. Be3 Ng4 8. Be2 Nxe3 9. fxe3 Nd7 10. 0-0 0-0 11. a3 Ne5 12. b4 Bb6 13. Qe1 Qg5 14. Qg3 Qxg3 15. hxg3 Be6 16. Nxe6 Bxe3+ 17. Kh2 fxe6 18. Rxf8+ Kxf8 19. Rf1+ Ke7 20. g4 Bd4 21. Nb1 Rf8 22. Rxf8 Kxf8 23. g3 Ke7 24. Kg2 Kf6 25. Nd2 Bb2 26. a4 Bc3 27. Nf3 Nxf3 28. Kxf3 Bxb4 29. Ke3 Bc5+ 30. Kf4 g5+ 31. Kf3 Ke5 0-1

[Event "Titled Tuesday intern op 25th May"]
[Site "Chess.com INT"]
[Date "2021.05.25"]
[Round "9"]
[White "Lonoff, Marc J"]
[Black "Md Jamal, Uddin"]
[Result "1-0"]
[WhiteElo "2122"]
[BlackElo "2074"]
[PlyCount "135"]
[EventDate "2021.05.25"]
[EventType "swiss (blitz)"]
[EventRounds "11"]
[EventCountry "USA"]
[SourceTitle "CBM 203 Extra"]
[Source "ChessBase"]
[SourceDate "2021.09.30"]
[SourceVersion "1"]
[SourceVersionDate "2021.09.30"]
[SourceQuality "1"]

1. c4 e5 2. Nc3 Nf6 3. g3 Nc6 4. Bg2 Bb4 5. Nd5 Bc5 6. e3 d6 7. Ne2 Nxd5 8. cxd5 Ne7 9. 0-0 0-0 10. d4 exd4 11. exd4 Bb6 12. Nc3 Bf5 13. Bg5 Qd7 14. Re1 f6 15. Be3 Rae8 16. a4 a5 17. Qd2 Bh3 18. Bh1 Nf5 19. Rac1 Qf7 20. Ne2 Nxe3 21. fxe3 Bd7 22. Nf4 g5 23. Ne6 Bxe6 24. dxe6 Qxe6 25. Bxb7 Kg7 26. Bf3 g4 27. Bg2 h5 28. Kh1 Rh8 29. Qe2 h4 30. Qf2 hxg3 31. Qxg3 Rh5 32. d5 Qd7 33. Rc4 f5 34. Rf4 Reh8 35. e4 Rxh2+ 36. Qxh2 Rxh2+ 37. Kxh2 Kg6 38. exf5+ Kg5 39. Kg3 Qg7 40. Rxg4+ Kh6 41. Rxg7 Kxg7 42. Kf4 Kf7 43. b3 Bd4 44. Re4 Bf6 45. Re6 Bc3 46. f6 Bxf6 47. Rxf6+ Kxf6 48. Bf1 Kg6 49. Bd3+ Kf6 50. Bf5 Kf7 51. Be6+ Kf6 52. Bd7 Kg6 53. Bc6 Kf6 54. Bb7 Kg6 55. Ke4 Kf6 56. Kd4 Kf5 57. Kc4 Ke4 58. Kb5 Kd4 59. Kxa5 Kc5 60. b4+ Kc4 61. Bc6 Kd4 62. Kb5 Kc3 63. a5 Kd4 64. a6 Ke5 65. a7 Kd4 66. a8Q Kc3 67. Qc8 Kd4 68. Qxc7 1-0

[Event "Titled Tuesday intern op 25th May"]
[Site "Chess.com INT"]
[Date "2021.05.25"]
[Round "5"]
[White "Lonoff, Marc J"]
[Black "Mickiewicz, Piotr"]
[Result "1-0"]
[WhiteElo "2122"]
[BlackElo "2247"]
[PlyCount "77"]
[EventDate "2021.05.25"]
[EventType "swiss (blitz)"]
[EventRounds "11"]
[EventCountry "USA"]
[SourceTitle "CBM 203 Extra"]
[Source "ChessBase"]
[SourceDate "2021.09.30"]
[SourceVersion "1"]
[SourceVersionDate "2021.09.30"]
[SourceQuality "1"]

1. c4 g6 2. Nc3 Bg7 3. g3 Nf6 4. Bg2 Kf8 5. e4 d6 6. Nge2 c5 7. d3 Nc6 8. h3 Rb8 9. Be3 Bd7 10. 0-0 Qc8 11. Kh2 h5 12. f3 a6 13. a4 Ne5 14. Qd2 Kg8 15. Nd5 Nxd5 16. cxd5 f6 17. Rac1 b5 18. axb5 axb5 19. b3 Qb7 20. d4 cxd4 21. Nxd4 Kh7 22. f4 Nf7 23. Nc6 Ra8 24. Nxe7 Bxh3 25. Bxh3 Qxe7 26. Be6 Nd8 27. f5 Nxe6 28. fxe6 Rhc8 29. Rxc8 Rxc8 30. Rc1 Rxc1 31. Qxc1 f5 32. exf5 gxf5 33. Qd1 Kg6 34. Qd3 Be5 35. Kg2 h4 36. Bf4 Qa7 37. Bxe5 dxe5 38. g4 Qa2+ 39. Kh3 1-0

[Event "Titled Tuesday intern op 25th May"]
[Site "Chess.com INT"]
[Date "2021.05.25"]
[Round "10"]
[White "Pasti, Aron"]
[Black "Lonoff, Marc J"]
[Result "1-0"]
[WhiteElo "2296"]
[BlackElo "2122"]
[PlyCount "71"]
[EventDate "2021.05.25"]
[EventType "swiss (blitz)"]
[EventRounds "11"]
[EventCountry "USA"]
[SourceTitle "CBM 203 Extra"]
[Source "ChessBase"]
[SourceDate "2021.09.30"]
[SourceVersion "1"]
[SourceVersionDate "2021.09.30"]
[SourceQuality "1"]

1. e4 e6 2. d4 d5 3. Nc3 Bb4 4. e5 Ne7 5. Bd2 b6 6. f4 Ba6 7. Bxa6 Nxa6 8. Nf3 Rc8 9. Qe2 Bxc3 10. bxc3 Nb8 11. 0-0 0-0 12. g4 c5 13. Ng5 Qd7 14. f5 cxd4 15. Qd3 exf5 16. gxf5 dxc3 17. e6 Qc6 18. f6 Ng6 19. exf7+ Rxf7 20. Nxf7 cxd2 21. fxg7 Qxc2 22. Nh6+ Kxg7 23. Rf7+ Kxh6 24. Qh3+ Kg5 25. Raf1 h5 26. R1f5+ Qxf5 27. Rxf5+ Kh6 28. Rxh5+ Kg7 29. Rh7+ Kg8 30. Qxc8+ Kxh7 31. Qc2 Nd7 32. Qxd2 Nf6 33. Qg5 Kg7 34. h4 Kf7 35. h5 Nf8 36. h6 1-0

[Event "Titled Tuesday intern op 18th May"]
[Site "Chess.com INT"]
[Date "2021.05.18"]
[Round "1"]
[White "Lonoff, Marc J"]
[Black "Ajay, Karthikeyan"]
[Result "1-0"]
[WhiteElo "2122"]
[BlackElo "2356"]
[PlyCount "113"]
[EventDate "2021.05.18"]
[EventType "swiss (blitz)"]
[EventRounds "11"]
[EventCountry "USA"]
[SourceTitle "CBM 202 Extra"]
[Source "ChessBase"]
[SourceDate "2021.07.31"]
[SourceVersion "1"]
[SourceVersionDate "2021.07.31"]
[SourceQuality "1"]

1. c4 c6 2. e4 d5 3. exd5 cxd5 4. cxd5 Nf6 5. Nc3 Nxd5 6. Bc4 e6 7. Nf3 Be7 8. 0-0 0-0 9. d4 Nc6 10. Re1 Bf6 11. a3 b6 12. Ne4 Be7 13. Qc2 Bb7 14. Bg5 h6 15. Bxe7 Ncxe7 16. Rad1 Rc8 17. Qb3 Nf4 18. Bf1 Bd5 19. Qe3 Nfg6 20. Ng3 Bxf3 21. Qxf3 Qd5 22. Qe3 Rfd8 23. Bd3 Qxd4 24. Qxd4 Rxd4 25. Bxg6 Rxd1 26. Bxf7+ Kxf7 27. Rxd1 Rc3 28. bxc3 Nd5 29. c4 Nc3 30. Rd7+ Kf6 31. Rxa7 g6 32. Rb7 Na4 33. Ne4+ Ke5 34. f3 g5 35. Rh7 Nb2 36. Rxh6 Nxc4 37. Nxg5 Kf5 38. Nxe6 Nxa3 39. Nd4+ Kg5 40. Rxb6 Nc4 41. Rb4 Nd2 42. Kf2 Kf4 43. Ke2 Nf1 44. Kxf1 Ke5 45. Ne2 Kd5 46. h4 Kc5 47. Re4 Kd5 48. h5 Kd6 49. h6 Kc6 50. h7 Kd5 51. h8Q Kd6 52. Qd8+ Kc6 53. Qd3 Kb6 54. Rc4 Ka5 55. Qa3+ Kb5 56. Qb3+ Ka5 57. Ra4# 1-0

[Event "Titled Tuesday intern op 23rd Mar"]
[Site "Chess.com INT"]
[Date "2021.03.23"]
[Round "5"]
[White "Myshakov, Fyodor"]
[Black "Lonoff, Marc J"]
[Result "1/2-1/2"]
[WhiteElo "2292"]
[BlackElo "2122"]
[PlyCount "151"]
[EventDate "2021.03.23"]
[EventType "swiss (blitz)"]
[EventRounds "11"]
[EventCountry "USA"]
[SourceTitle "CBM 201 Extra"]
[Source "ChessBase"]
[SourceDate "2021.05.31"]
[SourceVersion "1"]
[SourceVersionDate "2021.05.31"]
[SourceQuality "1"]

1. c4 b6 2. Nc3 e6 3. Nf3 Bb7 4. g3 Bb4 5. Qb3 Bxc3 6. Qxc3 Nf6 7. Bg2 0-0 8. 0-0 d6 9. d4 Be4 10. b4 a5 11. b5 Nbd7 12. h4 Re8 13. Rd1 e5 14. dxe5 Nxe5 15. Nxe5 Rxe5 16. Bg5 Bxg2 17. Kxg2 Qe7 18. e3 h6 19. Bxf6 Qxf6 20. Rd5 Rae8 21. Rad1 Qf5 22. Rxe5 Rxe5 23. Rd4 Rc5 24. Rf4 Qe5 25. Qd3 f5 26. g4 fxg4 27. Qg6 Qe7 28. Rxg4 Qf7 29. Qe4 Rf5 30. f3 Re5 31. Qa8+ Re8 32. Qd5 Qxd5 33. cxd5 Rxe3 34. Rc4 Re2+ 35. Kg3 Rxa2 36. Rxc7 Rb2 37. Rd7 Rxb5 38. Rxd6 a4 39. Rd7 a3 40. d6 a2 41. Ra7 Ra5 42. d7 Rxa7 43. d8Q+ Kh7 44. Qd3+ Kh8 45. Qd8+ Kh7 46. Qd3+ g6 47. h5 a1Q 48. Qxg6+ Kh8 49. Qxh6+ Kg8 50. Qe6+ Kh8 51. Qh6+ Kg8 52. Qe6+ Kf8 53. Qd6+ Kf7 54. Qd5+ Ke7 55. Qe4+ Kd6 56. Qb4+ Kc6 57. Qc4+ Kd6 58. Qb4+ Kd5 59. Qb5+ Kd4 60. Qxb6+ Kd3 61. Qb5+ Ke3 62. Qb3+ Ke2 63. Qc4+ Ke3 64. Qe4+ Kd2 65. Qd5+ Kc3 66. Qc5+ Kd3 67. Qb5+ Ke3 68. Qb3+ Kd4 69. Qb4+ Kd5 70. Qb5+ Kd6 71. Qb6+ Ke5 72. Qc5+ Ke6 73. Qc6+ Ke5 74. Qc5+ Ke6 75. Qc6+ Ke5 76. Qc5+ 1/2-1/2